000
00271nam a2200109Ia 4500
001
589048
005
20250717120841.0
008
250717s9999 xx 000 0 und d
245
0
_a
X-1 KIZAMIK OLAN FİL
_c
AYTÜL AKAL
260
_b
UÇANBALIK YAYINLARI
_c
2018
300
_b
16
999
_c
589048
_d
589048